Coupe du Monde de Football - Participant ? #6 - Statistiques

Statistiques générales
  • Ce quiz a été pris 72 fois
  • Le résultat moyen est 13 sur 15
Statistiques - réponses
Hint Réponse % Correct
Australie Correct
96%
Pologne Correct
95%
Guyana Incorrect
95%
Liechtenstein Incorrect
93%
Laos Incorrect
91%
Qatar Correct
89%
Papouasie-Nouvelle-Guinée Incorrect
89%
Algérie Correct
88%
Mozambique Incorrect
84%
Moldavie Incorrect
84%
Gambie Incorrect
82%
Liban Incorrect
82%
Niger Incorrect
82%
Zambie Incorrect
77%
Géorgie Incorrect
70%
Aucun quiz correspondant
Distribution des résultats
% des personnes avec chaque résultat
Percentile par nombre de réponses
Votre historique - résultats
Vous n’avez pas pris ce quiz